Central Library OPAC University of Rajshahi

Suddenly last summer / (Record no. 76981)

MARC details
000 -LEADER
fixed length control field 00688nam a2200253 a 4500
001 - CONTROL NUMBER
control field 76981
003 - CONTROL NUMBER IDENTIFIER
rucl marc code BD-RjUL
005 - DATE AND TIME OF LATEST TRANSACTION
control field 20211209082918.0
008 - FIXED-LENGTH DATA ELEMENTS--GENERAL INFORMATION
fixed length control field 200211s1958 nyu 000 0 eng
035 ## - SYSTEM CONTROL NUMBER
System control number (BD-RjUL)77205
System control number (OCoLC)3356594
040 ## - CATALOGING SOURCE
Original cataloging agency DLC
Transcribing agency OC
Modifying agency OCoLC
-- ODaWU
-- OCoLC
-- DLC
-- BD-RjUL
Language of cataloging eng
041 ## - LANGUAGE CODE
Language code of text/sound track or separate title eng
042 ## - AUTHENTICATION CODE
Authentication code premarc
082 ## - DEWEY DECIMAL CLASSIFICATION NUMBER
Edition number 23
Classification number 812.5
Author mark and year WIS 1958
100 1# - MAIN ENTRY--PERSONAL NAME
Personal name Williams, Tennessee
Dates associated with a name 1911-1983.
9 (RLIN) 239199
245 10 - TITLE STATEMENT
Title Suddenly last summer /
Statement of responsibility, etc. Tennessee Williams
260 ## - PUBLICATION, DISTRIBUTION, ETC. (IMPRINT)
Place of publication, distribution, etc. New York :
Name of publisher, distributor, etc. New Directions,
Date of publication, distribution, etc. 1958
300 ## - PHYSICAL DESCRIPTION
Pagination 90 p.;
Size 21 cm.
500 ## - GENERAL NOTE
General note A play.
942 ## - ADDED ENTRY ELEMENTS (KOHA)
Source of classification or shelving scheme Dewey Decimal Classification
Koha item type Books
Holdings
Lost status Source of classification or shelving scheme Damaged status Not for loan Collection code Permanent Location Current Location Shelving location Date acquired Source of acquisition Cost, normal purchase price Total Checkouts Full call number Date last seen Copy number Koha item type
  Dewey Decimal Classification   Not For Loan Non-fiction Central Library, University of Rajshahi Central Library, University of Rajshahi Reading Room 31/07/1964 Zeitlinger 24.00   812.5 WIS 1958 11/02/2020 C-1 Books